Normal view
MARC view
- TOM ALTSTIEL, GEAN GROW, DAN AUGUSTINE, & JOANNA L. JENKINS
Entry Personal Name
001 - CONTROL NUMBER
- control field: 34643
003 - CONTROL NUMBER IDENTIFIER
- control field: OSt
005 - DATE AND TIME OF LATEST TRANSACTION
- control field: 20250327160330.0
008 - FIXED-LENGTH DATA ELEMENTS
- fixed length control field: 250327|| aca||aabn | a|a d
040 ## - CATALOGING SOURCE
- Original cataloging agency: OSt
- Transcribing agency: OSt
100 ## - HEADING--PERSONAL NAME
- Personal name: TOM ALTSTIEL, GEAN GROW, DAN AUGUSTINE, & JOANNA L. JENKINS
670 ## - SOURCE DATA FOUND
- Source citation: Work cat.: (OSt)7444: TOM ALTSTIEL, GEAN GROW, DAN AUGUSTINE, & JOANNA L. JENKINS, ADVERTISING CREATIVE: STRATEGY COPY DESIGN